[Event "Oberliga NRW 8990 II"]
[Site "Germany"]
[Date "1989.??.??"]
[Round "7"]
[White "Dinstuhl, Volkmar"]
[Black "Hanf, Thomas"]
[Result "1-0"]
[WhiteElo "1895"]
[BlackElo "1790"]
[PlyCount "37"]
[EventDate "1989.10.??"]
[EventType "team"]
[EventRounds "9"]
[EventCountry "GER"]
[SourceTitle "EXT 1997"]
[Source "ChessBase"]
[SourceDate "1996.11.15"]
[SourceVersion "1"]
[SourceVersionDate "1996.11.15"]
[SourceQuality "1"]
[WhiteTeam "Wattenscheid"]
[BlackTeam "Detmold"]
[WhiteTeamCountry "GER"]
[BlackTeamCountry "GER"]

1. d4 Nf6 2. c4 e6 3. Nf3 c5 4. g3 d5 5. cxd5 Nxd5 6. Bg2 Nc6 7. 0-0 Be7 8. dxc5 Bxc5 9. Qc2 Qe7 10. a3 a5 11. Nbd2 0-0 12. e4 Nc7 13. e5 h6 14. Ne4 Bd4 15. Nxd4 Nxd4 16. Qd1 Rd8 17. Qg4 Kh8 18. Qh5 Nf5 19. Bg5 1-0

[Event "Oberliga NRW 8889 II"]
[Site "Germany"]
[Date "1989.??.??"]
[Round "5"]
[White "Haub, Thorsten Michael"]
[Black "Hanf, Thomas"]
[Result "1/2-1/2"]
[WhiteElo "2110"]
[BlackElo "1910"]
[PlyCount "142"]
[EventDate "1988.10.??"]
[EventType "team"]
[EventRounds "9"]
[EventCountry "GER"]
[SourceTitle "EXT 1997"]
[Source "ChessBase"]
[SourceDate "1996.11.15"]
[SourceVersion "1"]
[SourceVersionDate "1996.11.15"]
[SourceQuality "1"]
[WhiteTeam "Welper SV"]
[BlackTeam "Detmold"]
[WhiteTeamCountry "GER"]
[BlackTeamCountry "GER"]

1. g3 Nf6 2. Bg2 g6 3. c4 Bg7 4. Nc3 0-0 5. Nf3 d6 6. 0-0 c5 7. d4 Nbd7 8. Rb1 cxd4 9. Nxd4 Nc5 10. b4 Ncd7 11. Qb3 a6 12. Rd1 Qc7 13. Ba3 e6 14. Rbc1 Rd8 15. c5 d5 16. b5 Ne5 17. c6 Nc4 18. Bc5 b6 19. Ba3 Nxa3 20. Qxa3 Bf8 21. Qa4 e5 22. Nb3 Be6 23. bxa6 Qa7 24. c7 Rdc8 25. Nxd5 Nxd5 26. Rxd5 Qxa6 27. Qxa6 Rxa6 28. Rd8 Ra7 29. Rxc8 Bxc8 30. Rc6 Rxa2 31. Rxb6 Rc2 32. Bc6 Kg7 33. Kg2 Bd6 34. Be4 Bxc7 35. Rxg6+ hxg6 36. Bxc2 Bb7+ 37. f3 Bb6 38. Nd2 Bd5 39. Bb3 Bc6 40. Nc4 Bc7 41. e4 f6 42. Ne3 Bb6 43. Nc2 Bc5 44. Bc4 Ba4 45. Ne1 Bd6 46. Bd5 Bb5 47. h4 Bb4 48. Nc2 Bc5 49. f4 exf4 50. gxf4 Ba4 51. Ne1 Bb5 52. Kg3 Bd6 53. Nf3 Bd7 54. e5 fxe5 55. fxe5 Bb4 56. Kf4 Be7 57. Ng5 Bb4 58. e6 Bd6+ 59. Kg4 Be8 60. Bb7 Ba4 61. Bc8 Bc2 62. Kf3 Kf6 63. Ba6 Bf5 64. Bc4 Ke7 65. Bd5 Be5 66. Bc4 Bf6 67. Kf4 Bc3 68. Bb3 Be1 69. Nf3 Bxh4 70. Nxh4 Bxe6 71. Nxg6+ Kf6 1/2-1/2

[Event "Oberliga NRW 8990 II"]
[Site "Germany"]
[Date "1989.??.??"]
[Round "7"]
[White "Stenzel, Thomas"]
[Black "Hanf, Thomas"]
[Result "1/2-1/2"]
[WhiteElo "2120"]
[BlackElo "1790"]
[PlyCount "50"]
[EventDate "1989.10.??"]
[EventType "team"]
[EventRounds "9"]
[EventCountry "GER"]
[SourceTitle "EXT 1997"]
[Source "ChessBase"]
[SourceDate "1996.11.15"]
[SourceVersion "1"]
[SourceVersionDate "1996.11.15"]
[SourceQuality "1"]
[WhiteTeam "Godesberg"]
[BlackTeam "Detmold"]
[WhiteTeamCountry "GER"]
[BlackTeamCountry "GER"]

1. e4 e5 2. Nf3 Nc6 3. Bb5 a6 4. Ba4 Nf6 5. 0-0 Be7 6. Re1 b5 7. Bb3 d6 8. c3 0-0 9. d3 Na5 10. Bc2 c5 11. Nbd2 h6 12. Nf1 Re8 13. h3 Bf8 14. Bd2 Nc6 15. Qe2 Rb8 16. g4 g6 17. Ne3 Bg7 18. Qf1 d5 19. exd5 Nxd5 20. Nxd5 Qxd5 21. Re3 Bb7 22. Bb3 Qd6 23. Rae1 Na5 24. Bc2 Nc6 25. Bc1 Re7 1/2-1/2